00385nam a22001337a 450000500170000000800410001704100230005808200120008110000230009324500310011626000470014730000310019465000260022520240722083802.0240722b |||||||| |||| 00| 0 eng d aEnglish/Afrikaans  a349 SOU lEnglish/Afrikaans  aSouth African Law Reports  aCape Town: bJuta and Company Ltd, c2002  bxciv, 906 pages; c26 cm.  aLegal practice bLaw